Notas sobre el arte rupestre del altiplano central de Colombia : ensayos reunidos /

Bibliographic Details
Main Author: Rodríguez Martínez, Carlos Augusto (Author)
Format: Electronic eBook
Language:Spanish
Published: Bogotá, Colombia : Editorial Aula de Humanidades, 2024.
Edition:Primera edición.
Series:Colección General (Editorial Aula de Humanidades)
Subjects:
Online Access:Digitalia Hispánica

MARC

LEADER 00000nam a2200000Ii 4500
001 DIGAUHUM0071
003 NyNyDIG
006 m o d
007 cr |||||||||||
008 260205s2024 ck abo ob 001 0 spa d
035 |a (OCoLC)1573182188 
040 |a DGITA  |b eng  |e rda  |e pn  |c DGITA 
020 |a 9786287777071  |q (versión digital) 
020 |z 9786287777064  |q (versión impresa) 
043 |a s-ck--- 
050 1 4 |a F2270.1.P4 ebook 
100 1 |a Rodríguez Martínez, Carlos Augusto,  |e author. 
245 1 0 |a Notas sobre el arte rupestre del altiplano central de Colombia :  |b ensayos reunidos /  |c Carlos Augusto Rodríguez Martínez. 
250 |a Primera edición. 
264 1 |a Bogotá, Colombia :  |b Editorial Aula de Humanidades,  |c 2024. 
300 |a 1 online resource :  |b illustrations, maps, photographs. 
336 |a text  |b txt  |2 rdacontent 
337 |a computer  |b c  |2 rdamedia 
338 |a online resource  |b cr  |2 rdacarrier 
347 |a text file  |2 rdaft 
347 |b PDF 
490 1 |a Colección: General 
504 |a Includes bibliographical references and indexes. 
588 0 |a Online resource; title from PDF title page (Digitalia, viewed February 5, 2026) 
650 0 |a Rock paintings  |z Colombia  |z Cundinamarca (Department) 
650 0 |a Petroglyphs  |z Colombia  |z Cundinamarca (Department) 
650 0 |a Engraving  |z Colombia  |z Cundinamarca (Department) 
791 2 |a Digitalia (Firm),  |e distributor. 
793 0 |g Digitalia eBook Collection:  |a Editorial Aula de Humanidades 
776 0 8 |i Print version:  |a Rodríguez Martínez, Carlos Augusto.  |t Notas sobre el arte rupestre del altiplano central de Colombia.  |b Primera edición.  |d Bogotá, Colombia : Editorial Aula de Humanidades, 2024  |z 9786287777064 
830 0 |a Colección General (Editorial Aula de Humanidades) 
856 4 0 |3 Digitalia Hispánica  |u https://www.digitaliapublishing.com/a/180156/ 
910 |a Premium collection: 2026